| 000 -LEADER |
| fixed length control field |
01213cam a22003017i 4500 |
| 003 - CONTROL NUMBER IDENTIFIER |
| control field |
OSt |
| 005 - DATE AND TIME OF LATEST TRANSACTION |
| control field |
20200313051145.0 |
| 008 - FIXED-LENGTH DATA ELEMENTS--GENERAL INFORMATION |
| fixed length control field |
190111s2013 cauae b 000 0 eng |
| 020 ## - INTERNATIONAL STANDARD BOOK NUMBER |
| International Standard Book Number |
9781935935469 |
| Qualifying information |
(hbk.) |
| 082 04 - DEWEY DECIMAL CLASSIFICATION NUMBER |
| Classification number |
712.609794 |
| Edition number |
23 |
| Item number |
WHI |
| 100 1# - MAIN ENTRY--PERSONAL NAME |
| Personal name |
White, Hazel, |
| Relator term |
author. |
| 245 10 - TITLE STATEMENT |
| Title |
Living land : |
| Remainder of title |
the gardens of Blasen Landscape Architecture / |
| Statement of responsibility, etc |
text by Hazel White, foreword by Catherine Wagner, photography by Marion Brenner ; edited by Eric Blasen and Silvina Martierena Blasen. |
| 246 30 - VARYING FORM OF TITLE |
| Title proper/short title |
Gardens of Blasen Landscape Architecture |
| 250 ## - EDITION STATEMENT |
| Edition statement |
First edition. |
| 300 ## - PHYSICAL DESCRIPTION |
| Extent |
185 pages : |
| Other physical details |
color illustrations, color plans ; |
| Dimensions |
24 cm |
| 504 ## - BIBLIOGRAPHY, ETC. NOTE |
| Bibliography, etc |
Includes bibliographical references (pages 182-183). |
| 610 20 - SUBJECT ADDED ENTRY--CORPORATE NAME |
| Corporate name or jurisdiction name as entry element |
Blasen Landscape Architecture. |
| 650 #0 - SUBJECT ADDED ENTRY--TOPICAL TERM |
| Topical term or geographic name as entry element |
Landscape architecture |
| Geographic subdivision |
California, Northern. |
| 650 #0 - SUBJECT ADDED ENTRY--TOPICAL TERM |
| Topical term or geographic name as entry element |
Gardens |
| Geographic subdivision |
California, Northern. |
| 650 #7 - SUBJECT ADDED ENTRY--TOPICAL TERM |
| Topical term or geographic name as entry element |
Gardens. |
| Source of heading or term |
fast |
| 650 #7 - SUBJECT ADDED ENTRY--TOPICAL TERM |
| Topical term or geographic name as entry element |
Landscape architecture. |
| Source of heading or term |
fast |
| 651 #7 - SUBJECT ADDED ENTRY--GEOGRAPHIC NAME |
| Geographic name |
California, Northern. |
| Source of heading or term |
fast |
| 700 1# - ADDED ENTRY--PERSONAL NAME |
| Personal name |
Brenner, Marion, |
| Relator term |
photographer. |
| 700 1# - ADDED ENTRY--PERSONAL NAME |
| Personal name |
Blasen, Eric, |
| Relator term |
editor. |
| 700 1# - ADDED ENTRY--PERSONAL NAME |
| Personal name |
Blasen, Silvina Martierena, |
| Relator term |
editor. |
| 710 2# - ADDED ENTRY--CORPORATE NAME |
| Corporate name or jurisdiction name as entry element |
Blasen Landscape Architecture, |
| Relator term |
landscape architect. |
| 942 ## - ADDED ENTRY ELEMENTS (KOHA) |
| Source of classification or shelving scheme |
|